00304nam a2200109 a 450000500170000000800410001705000180005810000200007624500490009626000430014544000060018820140414131856.0100828s19uu xx 00 eng d aFILbUs6 2009 aMatias, Segundo aAng usok at si daddy :bThe smoke and daddy. aManila, Philippines :bLampara,c2009. a